Normal view
MARC view
- Wang, James C. F.
Entry Personal Name
001 - CONTROL NUMBER
- control field: 28007
003 - CONTROL NUMBER IDENTIFIER
- control field: NUST
005 - DATE AND TIME OF LATEST TRANSACTION
- control field: 20200125144514.0
008 - FIXED-LENGTH DATA ELEMENTS
- fixed length control field: 200125|| aca||aabn | a|a d
040 ## - CATALOGING SOURCE
- Original cataloging agency: NUST
- Transcribing agency: NUST
100 ## - HEADING--PERSONAL NAME
- Personal name: Wang, James C. F.
670 ## - SOURCE DATA FOUND
- Source citation: Work cat.: (NUST)0: Wang, James C. F., Contemporary Chinese politics :, c1995.
